000 00549nam a2200217Ia 4500
003 OSt
005 20220923230822.0
006 a|||||r|||| 00| 0
007 ta
008 Pun
024 _a305,827
037 _cTextual
040 _aARTS
_cARTS
_bPun
041 _2Pun
_aPun
082 _aQ8441vk, 153L0
100 _aਗਯਾਨ ਸਿੰਘ
245 0 _aਸ੍ਰੀ ਗੁਰੂ ਪੰਥ ਪ੍ਰਕਾF
260 _c1970
942 _hQ8441vk, 153L0
_cTEXL
_2CC
999 _c387614
_d387614